000 00283nam a22001337a 4500
008 181030b xxu||||| |||| 00| 0 eng d
020 _a9780395524503
041 _aeng
080 _a910
100 _a45
101 _aGEO
245 _aThe Real World
_cBruce.M
942 _2udc
_cBK
999 _c51100
_d51100